Dos años, ocho meses y veintiocho noches /

Zapisane w:
Opis bibliograficzny
1. autor: Rushdie, Salman (autor)
Kolejni autorzy: Calvo, Javier (traducción) (traducción)
Format: Książka
Język:hiszpański
Wydane: México : Seix Barral, 2015, c2015
Seria:(Biblioteca Formentor)
Hasła przedmiotowe:
Etykiety: Dodaj etykietę
Nie ma etykietki, Dołącz pierwszą etykiete!

MARC

LEADER 00000nam^a2200000^a^4500
001 000395454
005 20250521000000.0
009 20260310121404
020 |a 978-607-07-3149-5 
037 |a Acervo ITESO - Biblioteca 
041 |a ESP 
082 |a 823.  |b RUS 
100 |a Rushdie, Salman  |e (autor) 
245 1 0 |a Dos años, ocho meses y veintiocho noches /  |c S. Rushdie ; tr. por J. Calvo. 
264 4 |a México :  |b Seix Barral,  |c 2015, c2015 
300 |a 396 p. 
336 |a texto  |b txt  |2 rdacontenido 
337 |a sin mediación  |b n  |2 rdamedio 
338 |a volumen  |b nc  |2 rdasoporte 
440 1 |a (Biblioteca Formentor) 
500 |a Traducción de: Two Years, Eight Months and Twenty-Eight Nights 
545 0 |a Salman Rushdie (Bombay, 1947), escritor y ensayista anglo-hindú. Perteneciente a una acomodada familia musulmana hindú de expresión inglesa, realizó estudios de posgrado en historia en Inglaterra. Su estilo narrativo, mezcla de imaginación y mitología con la vida real, se nutrió del realismo mágico latinoamericano, trasladado a contextos urbanos; sus obras se sitúan en grandes ciudades, principalmente del subcontinente indio, porque éstas le permiten contar múltiples historias a la vez. Sus novelas, que combinan hechos históricos y las costumbres hindúes con relatos fantásticos, están intencionadamente cargadas de intertextos y referencias cinematográficas. El lenguaje de Rushdie es heredero de las dos culturas en que fue educado, por lo que integra frases, estructuras y ritmos propios de la lengua de India, a la prosa en inglés, a partir de la repetición de palabras, hibridación de términos, uso de palabras provenientes del urdu y el hindi, yuxtaposición de vocablos y uso de neologismos. Hijos de la medianoche, su primera novela, marcó un hito en la narrativa hindú en lengua inglesa; debido a la controversia generada por Los versos satánicos, durante las últimas décadas del siglo XX, Rushdie se convirtió en un símbolo de la lucha por la libertad de expresión. Otros novelas suyas son Grimus; Vergüenza; El último suspiro del moro; El suelo bajo sus pies; Shalimar el Payaso; La encantadora de Florencia y Dos años, ocho meses y veintiocho días. Ha sido reconocido, entre otros, con los premios Booker, James Tait Memorial, del Arts Council Writers, English-Speaking Union, Whitbread y Hans Christian Andersen y como Caballero de la Orden del Imperio Británico. 
649 |a XX 
650 |a Escritores Hindúes 
650 |a Novela Inglesa 
650 |a Literatura Inglesa -  |y Siglo XXI 
650 |a Literatura Hindú -  |y Siglo XXI 
650 |a Literatura de Ciencia-Ficción 
700 |a Calvo, Javier  |e (traducción) 
910 |a Fondo General 
920 |a Impresos - Libros 
930 |a Colección General 
940 |a Literatura 
905 |a 101 
901 |a 0500290633  |b IT1  |c LIT  |i C149896  |u 20250521 
902 |a https://opac.biblio.iteso.mx/vufind/Record/000395454